00285 2200121 4500001002100000005001500021035002000036245004500056260003000101082000800131084001200139990001200151INLIS00000000000262420250605030231 a0010-0625000210 aRahasia Sehari-Hari /cHans Jurgan Press aBandung :bAngkasa,c2002 a600 a600 RAH a0320143